000 00345nam a2200121Ia 4500
005 20260328101519.0
008 260328s9999||||xx |||||||||||||| ||und||
245 0 _aDes Raisons De l'Architecture :
_b L'Architecture comme probleme theorique dans la lutte De classes /
260 _bUtopie
300 _a69 p.
650 _aARQUITECTURA
942 _cBK
999 _c9503
_d9503